Statistics for Sicily Geography by Map

Click here to take the quiz!

General Stats

  • This quiz has been taken 97 times
  • The average score is 6 of 15

Answer Stats

Geographical Feature % Correct
Palermo
95%
Etna
93%
Catania
73%
Messina
65%
Siracusa
60%
Tyrrhenian Sea
41%
Agrigento
40%
Ionian Sea
38%
Lipari
31%
Enna
31%
Valley of the Temples
25%
Ancient Theater of Taormina
23%
Pantelleria
22%
Salina
9%
San Giuseppe Church
0%

Score Distribution

Percentile by Number Answered

Percent of People with Each Score

Your Score History

You have not taken this quiz